Geography Quiz

Random Geography or Flags Quiz

Criteria Countries (Southeast Asia) Quiz Stats

 Plays Quiz Updated Jun 2, 2018

Challenge
Share
Tweet
Embed
Score 0/10 Timer 05:00
1 Play Today
% Correct
???
100%
???
59.1%
???
46%
???
29.8%
???
16.9%
???
11%
???
7.3%
???
6.1%
???
5.4%
???
5.4%

You're not logged in!

Compare scores with friends on all Sporcle quizzes.
OR
Log In

You Might Also Like...

Show Comments

Extras

Top Quizzes Today


Score Distribution

Your Account Isn't Verified!

In order to create a playlist on Sporcle, you need to verify the email address you used during registration. Go to your Sporcle Settings to finish the process.

Report this User

Report this user for behavior that violates our Community Guidelines.

Details: